[Event "London Chess Classic op 10th"]
[Site "London"]
[Date "2018.12.13"]
[Round "5"]
[White "Boury, Ramesh"]
[Black "Stuart, Brian"]
[Result "0-1"]
[WhiteElo "1456"]
[BlackElo "1656"]
[PlyCount "85"]
[EventDate "2018.12.09"]
[EventType "swiss"]
[EventRounds "5"]
[EventCountry "ENG"]
[SourceTitle "EXT 2021"]
[Source "ChessBase"]
[SourceDate "2020.10.23"]
[SourceVersion "1"]
[SourceVersionDate "2020.10.23"]
[SourceQuality "1"]

1. Nf3 Nf6 2. d3 d5 3. c3 c5 4. e3 Nc6 5. Be2 g6 6. 0-0 Bg7 7. Nbd2 0-0 8. Rb1 Bf5 9. Nh4 Bc8 10. Nb3 Nd7 11. Nf3 b6 12. Ne1 Bb7 13. Nf3 e5 14. Qc2 Rc8 15. Nbd2 Kh8 16. Re1 f5 17. Nf1 e4 18. N3d2 Qf6 19. f4 exf3 20. Nxf3 h6 21. Bd1 Rce8 22. Qf2 Nde5 23. d4 Nd3 24. Qd2 Nxe1 25. Nxe1 Ba6 26. dxc5 bxc5 27. Bf3 d4 28. cxd4 cxd4 29. Bxc6 Qxc6 30. exd4 Qe4 31. Nc2 Bxf1 32. Kxf1 Rc8 33. Na3 Rfd8 34. Qe3 Qb7 35. Bd2 Qa6+ 36. Qe2 Qd6 37. g3 Re8 38. Qf3 Qa6+ 39. Kg1 Bxd4+ 40. Kh1 Bg7 41. Re1 Red8 42. h4 Rd3 43. Qe2 0-1

[Event "London Chess Classic op 10th"]
[Site "London"]
[Date "2018.12.09"]
[Round "1"]
[White "Lee, William Joseph"]
[Black "Stuart, Brian"]
[Result "0-1"]
[WhiteElo "1391"]
[BlackElo "1656"]
[PlyCount "94"]
[EventDate "2018.12.09"]
[EventType "swiss"]
[EventRounds "5"]
[EventCountry "ENG"]
[SourceTitle "EXT 2021"]
[Source "ChessBase"]
[SourceDate "2020.10.23"]
[SourceVersion "1"]
[SourceVersionDate "2020.10.23"]
[SourceQuality "1"]

1. d4 Nf6 2. c4 g6 3. Nc3 d5 4. cxd5 Nxd5 5. e4 Nxc3 6. bxc3 Bg7 7. Nf3 0-0 8. Bc4 c5 9. 0-0 Qc7 10. Bb3 Nc6 11. Qc2 Na5 12. Be3 Nxb3 13. axb3 cxd4 14. Bxd4 b6 15. Bxg7 Kxg7 16. Nd4 e5 17. Nb5 Qe7 18. Rfd1 Bg4 19. Rd5 f6 20. f3 Be6 21. Rd6 a6 22. Rxe6 Qxe6 23. Nc7 Qc6 24. Nxa8 Rxa8 25. Rd1 Rc8 26. c4 b5 27. Rc1 bxc4 28. Qxc4 Qb6+ 29. Kf1 Rxc4 30. bxc4 Qe3 31. Re1 Qd3+ 32. Kf2 Qxc4 33. Kg3 a5 34. Ra1 a4 35. Kh4 f5 36. Kg5 h6+ 37. Kh4 fxe4 38. fxe4 Qxe4+ 39. Kg3 Qe3+ 40. Kh4 Qd4+ 41. Kg3 Qxa1 42. Kh4 Qd4+ 43. Kh3 Qd3+ 44. Kg4 Kf7 45. Kh4 h5 46. g4 g5+ 47. Kxh5 Qh3+ 0-1

[Event "Gibraltar Amateur op-B"]
[Site "Caleta"]
[Date "2017.02.01"]
[Round "5"]
[White "Stuart, Brian"]
[Black "Walker, Gordon J"]
[Result "0-1"]
[WhiteElo "1715"]
[BlackElo "1547"]
[PlyCount "68"]
[EventDate "2017.01.28"]
[EventType "swiss"]
[EventRounds "5"]
[EventCountry "GGB"]
[SourceTitle "EXT 2018"]
[Source "ChessBase"]
[SourceDate "2017.10.13"]
[SourceVersion "1"]
[SourceVersionDate "2017.10.13"]
[SourceQuality "1"]

1. e4 e5 2. Nf3 Nc6 3. Bc4 Be7 4. 0-0 Nf6 5. d3 a6 6. c3 Na5 7. Nxe5 Nxc4 8. Nxc4 b5 9. Ne3 d6 10. f4 0-0 11. Nd2 c6 12. Kh1 Qc7 13. Nb3 c5 14. Nd2 Bb7 15. Nf3 Rad8 16. b3 d5 17. e5 Ne8 18. Nf5 f6 19. d4 fxe5 20. Nxe7+ Qxe7 21. fxe5 h6 22. Be3 c4 23. b4 Nc7 24. Qd2 Ne6 25. g3 Bc6 26. Nh4 Be8 27. Rxf8+ Qxf8 28. Qe2 Rd7 29. Kg2 g5 30. Qg4 Ng7 31. e6 Rd6 32. Rf1 Qe7 33. Nf3 Bh5 34. Bxg5 hxg5 0-1

[Event "Guernsey Holiday op 42nd"]
[Site "Guernsey"]
[Date "2016.10.20"]
[Round "5"]
[White "Jones, Sidney A"]
[Black "Stuart, Brian"]
[Result "1/2-1/2"]
[WhiteElo "1472"]
[BlackElo "1705"]
[PlyCount "79"]
[EventDate "2016.10.16"]
[EventType "swiss"]
[EventRounds "7"]
[EventCountry "GCI"]
[SourceTitle "EXT 2022"]
[Source "ChessBase"]
[SourceDate "2021.10.06"]
[SourceVersion "1"]
[SourceVersionDate "2021.10.06"]
[SourceQuality "1"]

1. d4 Nf6 2. c4 g6 3. Nf3 d5 4. Nc3 Bg7 5. e3 0-0 6. Bd3 c5 7. cxd5 Nxd5 8. Ne2 Nc6 9. 0-0 Bg4 10. Be4 cxd4 11. exd4 Bxf3 12. Bxf3 Qd7 13. Be3 Rfd8 14. Nc3 Nxe3 15. fxe3 e6 16. Bxc6 bxc6 17. Qf3 f5 18. Rad1 Qc7 19. Ne2 Rac8 20. h4 Qe7 21. g3 c5 22. b3 cxd4 23. exd4 Qd7 24. Qd3 Rc5 25. dxc5 Qxd3 26. Rxd3 Rxd3 27. c6 Rd8 28. Rc1 Rc8 29. a4 Be5 30. b4 a6 31. b5 axb5 32. axb5 Bc7 33. Kg2 Kf7 34. Kf2 Ke7 35. Ra1 Rb8 36. Nd4 e5 37. Ra7 Kd6 38. Ne6 Kxe6 39. Rxc7 Rxb5 40. Rxh7 1/2-1/2

[Event "Guernsey Holiday op 40th"]
[Site "Guernsey"]
[Date "2014.10.22"]
[Round "4"]
[White "Stuart, Brian"]
[Black "Day, Fred G"]
[Result "1/2-1/2"]
[WhiteElo "1735"]
[BlackElo "1420"]
[PlyCount "58"]
[EventDate "2014.10.19"]
[EventType "swiss"]
[EventRounds "7"]
[EventCountry "GCI"]
[SourceTitle "EXT 2022"]
[Source "ChessBase"]
[SourceDate "2021.10.06"]
[SourceVersion "1"]
[SourceVersionDate "2021.10.06"]
[SourceQuality "1"]

1. e4 Nf6 2. e5 Nd5 3. d4 d6 4. c4 Nb6 5. exd6 cxd6 6. Nc3 Bf5 7. Nf3 e6 8. Bd3 Bxd3 9. Qxd3 Be7 10. 0-0 N8d7 11. b3 0-0 12. Bf4 Nf6 13. Rad1 a6 14. Rfe1 Rc8 15. h3 Nh5 16. Bh2 g6 17. g4 Ng7 18. Bf4 Re8 19. Kg2 Nd7 20. Ne4 e5 21. dxe5 dxe5 22. Bg3 Nc5 23. Nxc5 Bxc5 24. Qc2 Qb6 25. Bxe5 Ne6 26. Bg3 Red8 27. Rxd8+ Rxd8 28. Rd1 Rxd1 29. Qxd1 Qc6 1/2-1/2